000 00454cam a2200181 4500
001 D13133
008 090401t1959 xxu||||| |||| 00| 0 eng d
035 _a(Sirsi) u7886
041 _aeng
100 _aKeating, Donald
245 _aRIBA Forms of contract
260 _aLondon
_bSweet & Maxwell
_c1959
350 _a0
520 _aShelf 117
710 _aNational Federation of Building Trades Employers
_91526
942 _n0
948 _c04/03/1997
999 _c86453
_d86453